Tackling Vulnerability in the Informal Economy

Salvato in:
Dettagli Bibliografici
Ente Autore: OECD. Development Centre
Natura: Libro
Lingua:inglese
Pubblicazione: Paris OECD/ILO 2019
Serie:Development Centre Studies
Soggetti:
Tags: Aggiungi Tag
Nessun Tag, puoi essere il primo ad aggiungerne!!

MARC

LEADER 00000nam a2200000 4500
001 0262151
005 20221220065255.6
020 |a 978-92-64-77943-3 
041 0 |a eng 
044 |a FR 
245 1 0 |a Tackling Vulnerability in the Informal Economy 
264 1 |a Paris  |b OECD/ILO  |c 2019 
300 |a 168 s. 
490 1 |a Development Centre Studies 
830 0 |a Development Centre Studies 
610 2 0 |a ekonomika tieňová 
610 2 0 |a ukazovatele ekonomické 
610 2 0 |a zamestnanosť 
610 2 0 |a riziko 
610 2 0 |a ochrana pracovníkov 
610 2 0 |a rovnosť rodová 
610 2 0 |a porovnanie štatistické medzinárodné 
710 2 |a OECD. Development Centre